[Event "Titled Tuesday intern op 06th July"]
[Site "Chess.com INT"]
[Date "2021.07.06"]
[Round "9"]
[White "Ladan, Nicholas John"]
[Black "Ichimura G Barbosa, Larissa Yuki"]
[Result "1-0"]
[WhiteElo "2083"]
[BlackElo "2007"]
[PlyCount "71"]
[EventDate "2021.07.06"]
[EventType "swiss (blitz)"]
[EventRounds "11"]
[EventCountry "USA"]
[SourceTitle "EXT 2022"]
[Source "ChessBase"]
[SourceDate "2021.10.06"]
[SourceVersion "1"]
[SourceVersionDate "2021.10.06"]
[SourceQuality "1"]

1. d4 Nf6 2. Bf4 g6 3. e3 Bg7 4. h4 d6 5. Nc3 0-0 6. h5 Nxh5 7. Rxh5 gxh5 8. Qxh5 Nd7 9. Bd3 Nf6 10. Qh4 Bg4 11. f3 Bh5 12. g4 Bg6 13. g5 Nh5 14. Nge2 e5 15. Bh2 f6 16. gxf6 Qxf6 17. Qxf6 Rxf6 18. dxe5 dxe5 19. Bc4+ Kh8 20. Bxe5 Rxf3 21. Bxg7+ Kxg7 22. 0-0-0 Nf6 23. Nd4 Rxe3 24. Ne6+ Kh8 25. Nf4 Rf8 26. Rh1 Rg3 27. Nce2 Rg4 28. Be6 Rg5 29. Nd4 Kg7 30. Bb3 Bf5 31. Nde6+ Bxe6 32. Nxe6+ Kg6 33. Nxf8+ Kf5 34. Rf1+ Ke5 35. Rxf6 Kxf6 36. Nxh7+ 1-0

[Event "Titled Tuesday intern op 06th July"]
[Site "Chess.com INT"]
[Date "2021.07.06"]
[Round "3"]
[White "Li, Hui"]
[Black "Ichimura G Barbosa, Larissa Yuki"]
[Result "0-1"]
[WhiteElo "2001"]
[BlackElo "2007"]
[PlyCount "64"]
[EventDate "2021.07.06"]
[EventType "swiss (blitz)"]
[EventRounds "11"]
[EventCountry "USA"]
[SourceTitle "EXT 2022"]
[Source "ChessBase"]
[SourceDate "2021.10.06"]
[SourceVersion "1"]
[SourceVersionDate "2021.10.06"]
[SourceQuality "1"]

1. e4 e6 2. d4 d5 3. Nd2 Nf6 4. e5 Nfd7 5. Bd3 c5 6. c3 Nc6 7. Ne2 cxd4 8. cxd4 f6 9. exf6 Nxf6 10. 0-0 Bd6 11. Nf3 Qc7 12. g3 0-0 13. Bf4 Ng4 14. Bxd6 Qxd6 15. Nc3 e5 16. dxe5 Ngxe5 17. Nxe5 Qxe5 18. Nxd5 Be6 19. Nf4 Rxf4 20. gxf4 Qxf4 21. Qe2 Nd4 22. Qe4 Nf3+ 23. Kg2 Bh3+ 24. Kxh3 Ng5+ 25. Kg2 Nxe4 26. Rae1 Nf6 27. Re3 Rf8 28. Rf3 Qg5+ 29. Rg3 Qd5+ 30. Kg1 Ne4 31. Bc2 Nxg3 32. Bb3 Ne2# 0-1